Arqueología cognitiva: origen del simbolismo humano

Guardat en:
Dades bibliogràfiques
Autor principal: Rivera Arrizabalaga, Angel (Autor)
Format: Llibre
Idioma:espanyol
Publicat: Madrid Arcos Libros 2005
Col·lecció:Cuadernos de Historia, 102
Matèries:
Etiquetes: Afegir etiqueta
Sense etiquetes, Sigues el primer a etiquetar aquest registre!

MARC

LEADER 00000nam a2200000 a 4500
001 UCH1390
003 CL-VaPUC
008 090427e20050000SP |||||||||||||||||spa|d
020 |a 8476356234 
082 0 4 |a 930.1  |b RIV  |2 21 
100 0 |a Rivera Arrizabalaga, Angel  |e author  |9 535870 
245 1 0 |a Arqueología cognitiva: origen del simbolismo humano 
300 |a 95 p 
942 |c BK 
945 |d 20090427 00:00:00  |a rbrito 
260 |a Madrid  |b Arcos Libros  |c 2005 
650 0 |a Arqueología   |9 265619 
650 0 |a Prehistoria  |9 316557 
650 7 |a PALEOLITICO  |2 CL-VaPUC  |9 431728 
583 |a last modification  |c 20090427 00:00:00  |k Rodrigo Vera 
490 0 |a Cuadernos de Historia, 102 
999 |c 333441  |d 333439 
952 |0 0  |1 0  |4 0  |6 930_100000000000000_RIV_2005  |7 0  |8 A  |9 421827  |a BIBHIS  |b BIBHIS  |d 2019-11-22  |i 4539168  |o 930.1 RIV 2005  |p 4539168  |r 2023-01-25  |w 2019-11-22  |y BK  |k HIS